000 01110 a2200169 4500
003 NUST
005 20230131153644.0
040 _cNust
082 _a941.1,FAW
100 _aFawcett.C.B
_9108297
245 _aA Political Geography of the British Empire /
_cC.B.Fawcett and B Litt
260 _aLondon
_bUniversity Of London
_c1933
300 _a408:p.
505 _aIntroduction (Page-1), The Geographical Position Of The Lands Of The Empire (Page-11), The Peoples Of The Empire (Page-23), The British Commonwealth (Page-34), The Dependencies (Page-49), Seaways And Airways (Page-59), The British Isles (Page-69), Canada (Page-117), Newfoundland (Page-146), Australia (Page-150), Newzealand (Page-178), South Africa (Page-188), India (Page-220), The British Empire In Southeastern Asia (Page-258), The British Empire In Near East (Page-272), The British Empire In East Africa (Page-299), The British Empire In West Africa (Page-316), The Smaller Scattered Dependencies (Page-331), Some World Relations Of The British Empire (Page-365).
650 _apolitical Geography
_933745
942 _2ddc
_cBK
_k941.1,FAW
999 _c187223
_d187223